[Event "Berdsk op"]
[Site "Berdsk"]
[Date "2010.01.09"]
[Round "8"]
[White "Klimentieva, Zoja"]
[Black "Khanin, Semen"]
[Result "1/2-1/2"]
[WhiteElo "2003"]
[BlackElo "1966"]
[PlyCount "122"]
[EventDate "2010.01.02"]
[EventType "swiss"]
[EventRounds "9"]
[EventCountry "RUS"]
[SourceTitle "CBM 134 Extra"]
[Source "ChessBase"]
[SourceDate "2010.03.03"]
[SourceVersion "1"]
[SourceVersionDate "2010.03.03"]
[SourceQuality "1"]

1. e4 c5 2. Bc4 e6 3. a3 Nf6 4. d3 d5 5. exd5 exd5 6. Ba2 Be7 7. Ne2 0-0 8. h3 Nc6 9. 0-0 b6 10. Bf4 Bb7 11. Nd2 Re8 12. Re1 Bd6 13. Bg5 Ne5 14. Nf4 d4 15. Bd5 Nc6 16. Rxe8+ Qxe8 17. Bxf6 gxf6 18. Qg4+ Kh8 19. Nh5 Qf8 20. Nxf6 Qh6 21. Nde4 Ne5 22. Qg5 Qxg5 23. Nxg5 Bxd5 24. Nxd5 Kg7 25. Ne4 Bf8 26. f4 Nc6 27. Rf1 Rd8 28. Ndf6 Be7 29. Nh5+ Kg6 30. Nhg3 f5 31. Nd2 Bh4 32. Kh2 Re8 33. Nf3 Bd8 34. Re1 Rxe1 35. Nxe1 Ne7 36. Ne2 Nd5 37. g3 Bf6 38. Kg2 Ne3+ 39. Kf3 h5 40. h4 Kf7 41. Ng1 Ke6 42. Ne2 Kd6 43. a4 Kd5 44. b3 Kc6 45. c4 Kd6 46. Nc1 Ke6 47. Ng2 Nxg2 48. Kxg2 Kf7 49. Ne2 Ke6 50. Ng1 Kf7 51. Nh3 Ke6 52. Ng1 Kf7 53. Nf3 Ke6 54. Kh2 Kf7 55. Ng1 Ke6 56. Kg2 Kf7 57. Nf3 Ke6 58. Nh2 Kf7 59. Nf3 Ke6 60. Ng1 Kf7 61. Nh3 Ke6 1/2-1/2

[Event "Novosibirsk Region-ch Seniors"]
[Site "Novosibirsk"]
[Date "2009.02.??"]
[Round "8"]
[White "Chesnokov, Gennady"]
[Black "Klimentieva, Zoja"]
[Result "1/2-1/2"]
[WhiteElo "2019"]
[BlackElo "2003"]
[PlyCount "52"]
[EventDate "2009.02.??"]
[EventType "swiss"]
[EventRounds "9"]
[EventCountry "RUS"]
[SourceTitle "EXT 2012"]
[Source "ChessBase"]
[SourceDate "2011.11.24"]
[SourceVersion "1"]
[SourceVersionDate "2011.11.24"]
[SourceQuality "1"]

1. e4 e5 2. f4 exf4 3. Nf3 Bc5 4. d4 Bb6 5. Bxf4 d6 6. Bc4 h6 7. 0-0 Ne7 8. c3 0-0 9. Nbd2 Be6 10. Kh1 Bxc4 11. Nxc4 Nd7 12. Qd2 Kh7 13. Qd3 Kg8 14. a4 a6 15. Qd2 Kh7 16. a5 Ba7 17. e5 dxe5 18. Ncxe5 Nxe5 19. Nxe5 Nd5 20. Bg3 f6 21. Qd3+ Kg8 22. Ng6 Re8 23. Rae1 Qd7 24. Nf4 Nxf4 25. Bxf4 Rxe1 26. Rxe1 c6 1/2-1/2

[Event "Novosibirsk Region-ch Seniors"]
[Site "Novosibirsk"]
[Date "2009.02.??"]
[Round "7"]
[White "Klimentieva, Zoja"]
[Black "Romanov, Viktor"]
[Result "1/2-1/2"]
[WhiteElo "2003"]
[BlackElo "1970"]
[PlyCount "80"]
[EventDate "2009.02.??"]
[EventType "swiss"]
[EventRounds "9"]
[EventCountry "RUS"]
[SourceTitle "EXT 2012"]
[Source "ChessBase"]
[SourceDate "2011.11.24"]
[SourceVersion "1"]
[SourceVersionDate "2011.11.24"]
[SourceQuality "1"]

1. e4 b6 2. Bc4 e6 3. a3 Bb7 4. d3 Be7 5. Nf3 d5 6. exd5 exd5 7. Ba2 Nf6 8. Bf4 c5 9. h3 0-0 10. Nbd2 Re8 11. 0-0 Bd6 12. Bxd6 Qxd6 13. Re1 Nbd7 14. Nh2 Rxe1+ 15. Qxe1 Re8 16. Qd1 Qe5 17. Rb1 b5 18. Ndf3 Qc7 19. Qd2 h6 20. Re1 Kf8 21. Rxe8+ Kxe8 22. Ne1 a5 23. c3 Qd6 24. f3 Ke7 25. d4 Ba6 26. dxc5 Qxc5+ 27. Qf2 Kd6 28. Nd3 Qxf2+ 29. Nxf2 Nc5 30. Nd1 Nd3 31. Bb1 Nf4 32. Kf2 Kc5 33. Ne3 Bc8 34. h4 d4 35. b4+ axb4 36. axb4+ Kb6 37. cxd4 N4d5 38. Ba2 Nxb4 39. Bxf7 Nc6 40. d5 Nd4 1/2-1/2